Faculty of Law Library — Cairo University

Official Online Catalog

Code Penal Du Royaume Ditalie / (Record no. 70954)

MARC details
000 -LEADER
fixed length control field 00999nam a2200313 i 4500
003 - CONTROL NUMBER IDENTIFIER
control field OSt
005 - DATE AND TIME OF LATEST TRANSACTION
control field 20260414160130.0
008 - FIXED-LENGTH DATA ELEMENTS--GENERAL INFORMATION
fixed length control field 260414s1932 fr ||||fr|||| 00| 0 fre d
040 ## - CATALOGING SOURCE
Original cataloging agency EG-GICUC
Transcribing agency EG-GICUC
Modifying agency EG-GICUC
Description conventions rda
Language of cataloging fre
041 0# - LANGUAGE CODE
Language code of text/sound track or separate title fre
082 04 - DEWEY DECIMAL CLASSIFICATION NUMBER
Classification number 343
Edition number 21
Item number CA . C
092 04 - LOCALLY ASSIGNED DEWEY CALL NUMBER (OCLC)
Edition number 21
099 ## - LOCAL FREE-TEXT CALL NUMBER (OCLC)
Classification number Law1 10 343 CA . C 1932
100 0# - MAIN ENTRY--PERSONAL NAME
Personal name De Casabianca، Pierre
Relator term Auteur
245 10 - TITLE STATEMENT
Title Code Penal Du Royaume Ditalie /
Statement of responsibility, etc. Pierre De Caasabianc.
264 #1 - PRODUCTION, PUBLICATION, DISTRIBUTION, MANUFACTURE, AND COPYRIGHT NOTICE
Place of production, publication, distribution, manufacture Paris :
Name of producer, publisher, distributor, manufacturer Parisrimerie،
Date of production, publication, distribution, manufacture, or copyright notice 1932.
300 ## - PHYSICAL DESCRIPTION
Extent 457 pages:
Other physical details illustrations,
Dimensions 24cm.
336 ## - CONTENT TYPE
Content type term texte
Source rda contenu
337 ## - MEDIA TYPE
Media type term Ordinateur
Source rda medias
338 ## - CARRIER TYPE
Carrier type term Ressource en ligne
Source transporteur rda
500 ## - GENERAL NOTE
General note Traduit, Annnote Et Precede Dune
546 ## - LANGUAGE NOTE
Language note Texte en français
650 14 - SUBJECT ADDED ENTRY--TOPICAL TERM
Topical term or geographic name entry element Droit pénal
Source of heading or term qrmak
651 1# - SUBJECT ADDED ENTRY--GEOGRAPHIC NAME
Source of heading or term qrmak
655 #4 - INDEX TERM--GENRE/FORM
Genre/form data or focus term Thèse universitaire
Geographic subdivision Université
General subdivision Faculté de droit
856 ## - ELECTRONIC LOCATION AND ACCESS
Uniform Resource Identifier <a href="https://fll.law.cu.edu.eg/fulltext/th/B10-09937.pdf">https://fll.law.cu.edu.eg/fulltext/th/B10-09937.pdf</a>
905 ## - Cataloger and Reviser Names
Cataloger Name: Omnia Hany
Revisor Name: Yara
942 ## - ADDED ENTRY ELEMENTS (KOHA)
Source of classification or shelving scheme Dewey Decimal Classification
Koha item type Thesis
Edition 21
Suppress in OPAC No
Holdings
Withdrawn status Lost status Source of classification or shelving scheme Damaged status Not for loan Collection Home library Current library Date acquired Total checkouts Full call number Barcode Date last seen Copy number Price effective from Koha item type
    Dewey Decimal Classification Damaged Not for loan القانون الجنائي جــــامعة القــاهرة مكتبة كلية الحقوق - المبنى الرئيسي 14.04.2026   Law1 10 343 CA . C 1932 1009937 C1 B10-09937 14.04.2026 1 14.04.2026 Books

© All rights reserved — Faculty of Law, Cairo University